00980nam a22002657a 45000010005000000030006000050050017000110080041000280200018000690400029000870500012001160820010001281000019001382450079001572500044002362600040002803000050003204900023003705050008003935200213004015210022006145210020006366500026006567000032006825489FISKH20241212111944.0241212b cb ||||| |||| 00| 0 eng d a9780545940177 aFISKHbengcFISKHdFISKH aQL644.2 a597.9 aRake, Matthew  aScaly, slippery creatures /cby Matthew Rake : illustrated by Simon Mendez aFirst Scholastic printing, January 2016 aNew York : bScholastic ; c2015 .  a32 pages : bcolor illustrations ; c24 cm .  aReal-life monsters aZ  aCan you name the most poisonous snake on Earth? Can you tell the difference between a Komodo dragon and a crocodile? Meet some of the world's creepiest critters in this photo-packed book of reptilian monsters8 a1110 bLexile 8 aZ bRaz-Plus  aanimals vnon-fiction aMendez, Simoneillustrator